00358cam a22001097a 4500008004000000082001600040100002200056245011100078260002800189300001000217650002100227180718b1957 xxu||||| |||| 00| 0 eng d aA6x438 K835 aKomarnicki, Titus aRebirth of the Polish republic: a study of the diplomatic hitory of Europe, 1914-1920cby Titus Komarnicki aLondonbHeinemannc1957 a776p. aPoland - History